Social Economy and Sustainable Development

Gespeichert in:
Bibliographische Detailangaben
1. Verfasser: Popławski, Łukasz
Weitere Verfasser: Rutkowska-Podołowska, Małgorzata
Format: Buchkapitel
Sprache:Englisch
Tags: Tag hinzufügen
Keine Tags, Fügen Sie das erste Tag hinzu!

MARC

LEADER 00000nla a2200000 4500
001 0151849
005 20240102143108.3
041 0 |a eng 
044 |a SK 
245 1 0 |a Social Economy and Sustainable Development  |c Łukasz Popławski, Małgorzata Rutkowska-Podołowska 
100 1 |a Popławski, Łukasz 
700 1 |a Rutkowska-Podołowska, Małgorzata